01590nam a2200301 i 4500001001000000003000900010005001700019007000300036008004100039020001800080040003000098082002400128100003800152245007200190264003800262300006100300336002700361337003300388338002800421500006300449500006100512500003500573520048200608600005201090650003901142650004901181651005801230000020619DO-SdBNP20240305130443.0ta100811s2017 dr abc 000 0 spa d a9789945090000 aDO-SdBNPbspacBNPHUerda 4a320.97293bI73r2221 aIsa Conde, Narciso,d1942-eautor10aSecretos, vivencias ... de lucha, vida y amor /cNarciso Isa Conde. aSanto Domingo :bImpresur,c2017. a432 p. :bilustraciones,fotos. mapas, retratos ;c23 cm. 2rdacontentatextobtxt 2rdamediaasin mediaciónbn 2rdacarrieravolumenbnc aIncluye datos biográficos del autor en la contracubierta aLa biblioteca posee 1 ejemplar autografiado por el autor aIncluye índice onomásticos a"Este libro cuenta de 184 relatos y textos diversos que amena lectura que expresan vivencias políticas y humanas impactantes, develan secretos de clandestinidad, relaciones políticas y personales diversas,, situaciones inéditas, momentos excepcionales, denuncias valientes, actividades conspirativas, episodios de ternura y amor, preciados vínculos familiares y de amistad, e interesantes anécdotas con personalidades políticas del país, el continente y el mundo.14aIsa Condne, Narciso,d1942-vRelatos personales 4aSocialismozRepública Dominicana 4aRevolución y socialismozAmérica Latina  4aRepública DominicanaxPolítica y gobierno y1961-